John E. Freud's Mathematical statistics / (Record no. 178476)
[ view plain ]
| 000 -LEADER | |
|---|---|
| fixed length control field | 01109 a2200205 4500 |
| 003 - CONTROL NUMBER IDENTIFIER | |
| control field | NUST |
| 005 - DATE AND TIME OF LATEST TRANSACTION | |
| control field | 20221123165605.0 |
| 010 ## - LIBRARY OF CONGRESS CONTROL NUMBER | |
| LC control number | 71149435 |
| 020 ## - INTERNATIONAL STANDARD BOOK NUMBER | |
| International Standard Book Number | 0135622239 |
| 040 ## - CATALOGING SOURCE | |
| Transcribing agency | Nust |
| 082 00 - DEWEY DECIMAL CLASSIFICATION NUMBER | |
| Classification number | 519.5,MIL |
| 100 1# - MAIN ENTRY--PERSONAL NAME | |
| Personal name | Miller, Irwin |
| 9 (RLIN) | 39341 |
| 245 00 - TITLE STATEMENT | |
| Title | John E. Freud's Mathematical statistics / |
| Remainder of title | Irwin Miller, Marylees Miller |
| 250 ## - EDITION STATEMENT | |
| Edition statement | 6th ed. |
| 260 ## - PUBLICATION, DISTRIBUTION, ETC. | |
| Place of publication, distribution, etc. | Englewood Cliffs, N.J., |
| Name of publisher, distributor, etc. | Prentice-Hall |
| Date of publication, distribution, etc. | [1971] |
| 300 ## - PHYSICAL DESCRIPTION | |
| Extent | xii, 463 p.: |
| Other physical details | illus. |
| Dimensions | 24 cm. |
| 505 ## - FORMATTED CONTENTS NOTE | |
| Formatted contents note | Introductions (Page-1), Probability (Page-25), Probability Distributions and Probability (Page-73), Mathematical Expectations (Page-129), Special Probability Distributions (Page-167), Special Probability Densities (Page-203), Functions Random Variables (Page-236), Sampling Distributions (Page-266), Decision Theory (Page-300), Estimation Theory (Page-322), Estimations Applications (Page-360), Hypothesis Testing Theory (Page-384), Hypothesis Testing Applications (Page-410), Regression and Correlation (Page-449), Analysis of Variance (Page-496). |
| 650 #0 - SUBJECT ADDED ENTRY--TOPICAL TERM | |
| Topical term or geographic name entry element | Mathematical statistics. |
| 9 (RLIN) | 61 |
| 942 ## - ADDED ENTRY ELEMENTS (KOHA) | |
| Source of classification or shelving scheme | |
| Koha item type | Book |
| Call number prefix | 519.5,MIL |
| Withdrawn status | Lost status | Source of classification or shelving scheme | Damaged status | Not for loan | Permanent Location | Current Location | Shelving location | Date acquired | Full call number | Barcode | Date last seen | Price effective from | Koha item type | Public note |
|---|---|---|---|---|---|---|---|---|---|---|---|---|---|---|
| Military College of Signals (MCS) | Military College of Signals (MCS) | General Stacks | 12/12/2016 | 519.5,MIL | MCS33290 | 12/08/2016 | 12/12/2016 | Book | Almirah No.77, Shelf No.1 | |||||
| Military College of Signals (MCS) | Military College of Signals (MCS) | General Stacks | 12/12/2016 | 519.5,MIL | MCS33291 | 12/08/2016 | 12/12/2016 | Book | Almirah No.14, Shelf No.5 |
